[Event "OLBA 2122 SC Viernheim II - OSG Baden-B"]
[Site "?"]
[Date "2022.03.20"]
[Round "9.2"]
[White "Abergel, Thal"]
[Black "Schmider, Niklas"]
[Result "0-1"]
[WhiteElo "2374"]
[BlackElo "2352"]
[PlyCount "80"]
[EventDate "2022.??.??"]

1. d4 Nf6 2. Nf3 e6 3. e3 d5 4. Bd3 c5 5. b3 Nc6 6. Bb2 b6 7. Nbd2 Bd6 8. O-O
O-O 9. dxc5 bxc5 10. c4 d4 11. exd4 cxd4 12. Ne4 e5 13. c5 Bc7 14. Nxf6+ Qxf6
15. Be4 Bf5 16. Nd2 Bxe4 17. Nxe4 Qg6 18. Ng3 e4 19. f4 Rfe8 20. b4 Rab8 21. a3
a5 22. f5 Qf6 23. Nh5 Qe5 24. Rf4 Kh8 25. Rh4 Qxf5 26. Qa4 Re6 27. Rf1 Qg5 28.
g3 e3 29. Qc2 Rg6 30. Qe4 e2 31. Re1 Rh6 32. Qxe2 Re6 33. Re4 Rbe8 34. Qf3 Ne5
35. Qd1 f5 36. Rxd4 Nf3+ 37. Qxf3 Rxe1+ 38. Kg2 R1e2+ 39. Kh3 Rxb2 40. Rd7 Be5
0-1

[Event "OLBA 2122 SC Viernheim II - OSG Baden-B"]
[Site "?"]
[Date "2022.03.20"]
[Round "9.3"]
[White "Schmaltz, Roland"]
[Black "Zaragatski, Ilja"]
[Result "1-0"]
[WhiteElo "2460"]
[BlackElo "2515"]
[PlyCount "83"]
[EventDate "2022.??.??"]

1. e4 e5 2. Nf3 Nf6 3. d3 Nc6 4. Be2 d5 5. Nbd2 Bc5 6. O-O O-O 7. a3 a5 8. b3
Re8 9. Bb2 b6 10. c3 Bd6 11. Re1 Ne7 12. d4 Nxe4 13. dxe5 Bc5 14. Nd4 Ng6 15.
b4 Bxd4 16. cxd4 Nf4 17. Nxe4 dxe4 18. Bb5 Qg5 19. g3 Nh3+ 20. Kf1 Qf5 21. f4
Re6 22. Bc1 h5 23. Be2 Rh6 24. Kg2 axb4 25. Be3 bxa3 26. Rf1 Be6 27. d5 Rd8 28.
Bc4 h4 29. dxe6 Rxd1 30. exf7+ Kf8 31. Raxd1 Ke7 32. e6 Rxe6 33. Bxe6 Kxe6 34.
f8=Q Qxf8 35. Kxh3 hxg3 36. f5+ Kf6 37. hxg3 c5 38. Kg4 a2 39. Rd7 Qa8 40. Bg5+
Ke5 41. Rfd1 a1=Q 42. Re7# 1-0

[Event "OLBA 2122 SC Viernheim II - OSG Baden-B"]
[Site "?"]
[Date "2022.03.20"]
[Round "9.4"]
[White "Lanka, Zigurds"]
[Black "Schlosser, Philipp"]
[Result "1-0"]
[WhiteElo "2384"]
[BlackElo "2515"]
[PlyCount "24"]
[EventDate "2022.??.??"]

1. Nf3 d5 2. c4 d4 3. g3 Nc6 4. Bg2 e5 5. O-O e4 6. Ne1 h5 7. d3 e3 8. fxe3 h4
9. Nf3 hxg3 10. hxg3 Nf6 11. Ng5 Ne5 12. c5 Bxc5 1-0

[Event "OLBA 2122 SC Viernheim II - OSG Baden-B"]
[Site "?"]
[Date "2022.03.20"]
[Round "9.5"]
[White "Kachiani-Gersinska, Ketino"]
[Black "Meinhardt, Maximilian"]
[Result "1/2-1/2"]
[WhiteElo "2295"]
[BlackElo "2378"]
[PlyCount "26"]
[EventDate "2022.??.??"]

1. d4 e6 2. c4 d5 3. Nf3 c5 4. cxd5 exd5 5. g3 Nc6 6. Bg5 f6 7. Be3 c4 8. Bg2
Bb4+ 9. Bd2 Nge7 10. O-O O-O 11. b3 Rb8 12. a4 Bxd2 13. Nbxd2 Be6 1/2-1/2

[Event "OLBA 2122 SC Viernheim II - OSG Baden-B"]
[Site "?"]
[Date "2022.03.20"]
[Round "9.6"]
[White "Engemann, Till"]
[Black "Schulz, Vladimir"]
[Result "1-0"]
[WhiteElo "2056"]
[BlackElo "2122"]
[PlyCount "55"]
[EventDate "2022.??.??"]

1. d4 Nf6 2. c4 c5 3. d5 e6 4. Nc3 exd5 5. cxd5 d6 6. Nf3 g6 7. g3 Bg7 8. Bg2
b5 9. Nxb5 Qa5+ 10. Nc3 Ne4 11. O-O Nxc3 12. bxc3 Qxc3 13. Qa4+ Nd7 14. Rb1 O-O
15. Bd2 Qf6 16. Bg5 Qf5 17. e4 Qg4 18. h3 Nb6 19. Rxb6 axb6 20. Qxa8 Qxe4 21.
Re1 Qd3 22. Be7 Be6 23. Bxf8 Bxd5 24. Qd8 Bxf8 25. Re8 Qxf3 26. Rxf8+ Kg7 27.
Rg8+ Kh6 28. Qh4+ 1-0

[Event "OLBA 2122 SC Viernheim II - OSG Baden-B"]
[Site "?"]
[Date "2022.03.20"]
[Round "9.7"]
[White "Schmitt, Daniel"]
[Black "Mueller, Michael"]
[Result "1-0"]
[WhiteElo "2099"]
[BlackElo "2172"]
[PlyCount "104"]
[EventDate "2022.??.??"]

1. e4 c5 2. Nf3 Nc6 3. d4 cxd4 4. Nxd4 d6 5. c4 g6 6. Be3 Bg7 7. Nc3 Nf6 8. Be2
h5 9. h3 Bd7 10. Nc2 Rc8 11. Rc1 Ne5 12. Na3 Bc6 13. Bd3 Nxd3+ 14. Qxd3 b6 15.
Nab5 Qd7 16. Nd4 Bb7 17. O-O O-O 18. Rfd1 Rfd8 19. b3 Qe8 20. Nd5 Nd7 21. Bg5
f6 22. Be3 e6 23. Nc3 a6 24. Re1 Qf7 25. Rcd1 g5 26. Nde2 Nc5 27. Qb1 a5 28. f4
g4 29. hxg4 hxg4 30. f5 e5 31. Nd5 Bxd5 32. Rxd5 Bf8 33. a4 Rd7 34. Ng3 Qh7 35.
Kf2 Bh6 36. Rh1 Bxe3+ 37. Kxe3 Qg7 38. Rh5 Rf8 39. Rd1 Kf7 40. Rdh1 Ke8 41. Qd1
Kd8 42. R1h4 Rg8 43. Ne2 g3 44. Nc3 Qf8 45. Nd5 Rb7 46. Kd2 Kc8 47. Kc3 Kb8 48.
Qf3 Ka7 49. Rh6 Rf7 50. Kb2 Nd7 51. Rh3 Rfg7 52. Rh7 Kb7 1-0

[Event "OLBA 2122 SC Viernheim II - OSG Baden-B"]
[Site "?"]
[Date "2022.03.20"]
[Round "9.8"]
[White "Al Helaoy, Majed"]
[Black "Schulz, Victor"]
[Result "1/2-1/2"]
[WhiteElo "2042"]
[BlackElo "1502"]
[PlyCount "88"]
[EventDate "2022.??.??"]

1. Nf3 d5 2. g3 Nf6 3. Bg2 e6 4. O-O Be7 5. d3 O-O 6. Nbd2 c5 7. e4 Nc6 8. Re1
b6 9. e5 Nd7 10. Nf1 Bb7 11. h4 Qc7 12. Bf4 d4 13. h5 Nb4 14. g4 Nd5 15. Bg3
Qd8 16. N3d2 Rb8 17. a4 Bh4 18. Bh2 f6 19. exf6 Qxf6 20. Ne4 Bxf2+ 21. Kh1 Qh4
22. Re2 Ne3 23. Nxe3 dxe3 24. Nxf2 Bxg2+ 25. Kxg2 Rxf2+ 26. Rxf2 Qxf2+ 27. Kh1
e2 28. Qg1 Rf8 29. Qxf2 Rxf2 30. Kg1 e1=Q+ 31. Rxe1 Rxc2 32. Rxe6 Kf7 33. Rc6
Rxb2 34. Rc7 Ke6 35. Rxa7 Rd2 36. a5 bxa5 37. Ra6+ Ke7 38. Bd6+ Kf7 39. g5 Rxd3
40. g6+ hxg6 41. hxg6+ Kxg6 42. Bxc5+ Kf5 43. Rxa5 Nxc5 44. Rxc5+ Kf6 1/2-1/2

[Event "OLBA 2122 SV Hockenheim - SGR Kuppenhei"]
[Site "?"]
[Date "2022.03.20"]
[Round "9.1"]
[White "Roos, Jean-Luc"]
[Black "Nekrasov, Mihail"]
[Result "1-0"]
[WhiteElo "2192"]
[BlackElo "2280"]
[PlyCount "79"]
[EventDate "2022.??.??"]

1. d4 d5 2. c4 e6 3. Nf3 Nf6 4. Nc3 Bb4 5. Bg5 Nbd7 6. e3 c5 7. cxd5 exd5 8.
Be2 Qa5 9. O-O Bxc3 10. bxc3 c4 11. Qc2 Ne4 12. Rfc1 Nxg5 13. Nxg5 Nf6 14. Rab1
O-O 15. a4 Qc7 16. Qb2 b6 17. Qa3 Bf5 18. Rb2 a5 19. Nf3 Ne4 20. Rb5 Rfd8 21.
Qb2 Ra6 22. Ne5 Be6 23. Rb1 Rb8 24. f3 Nd6 25. Rc5 Qb7 26. Rc6 Nf5 27. e4 Ne7
28. exd5 Nxc6 29. Nxc6 Bd7 30. Nxb8 Qxb8 31. Bxc4 Ra8 32. Bb5 Bf5 33. Re1 Qc7
34. Bc6 Rd8 35. Qe2 h5 36. Qe7 Qb8 37. c4 Bg6 38. c5 Rf8 39. cxb6 Qxb6 40.
Qxf8+ 1-0

[Event "OLBA 2122 SV Hockenheim - SGR Kuppenhei"]
[Site "?"]
[Date "2022.03.20"]
[Round "9.2"]
[White "Moeldner, Juergen"]
[Black "Schuh, Hubert"]
[Result "1/2-1/2"]
[WhiteElo "2249"]
[BlackElo "2289"]
[PlyCount "120"]
[EventDate "2022.??.??"]

1. e4 c5 2. Nf3 d6 3. d4 cxd4 4. Nxd4 Nf6 5. Nc3 a6 6. h3 e6 7. g4 b5 8. Bg2
Bb7 9. g5 Nfd7 10. Be3 Nb6 11. Qg4 Nc4 12. O-O-O e5 13. Nb3 Nd7 14. h4 Qc7 15.
Bh3 Nxe3 16. fxe3 Nb6 17. Rd3 Be7 18. Nd5 Bxd5 19. exd5 Nc4 20. Rc3 Qa7 21. Nd2
Nxe3 22. Rc8+ Rxc8 23. Qxc8+ Bd8 24. Qc6+ Ke7 25. Re1 Bb6 26. Ne4 Rd8 27. Kb1
Nc4 28. b3 Na5 29. Qc3 Qc7 30. Qf3 Nb7 31. Rf1 Rf8 32. Qh5 Nc5 33. Qxh7 Nxe4
34. Qxe4 Bd4 35. Qg4 g6 36. h5 gxh5 37. Qf5 Kd8 38. g6 e4 39. gxf7 e3 40. Qe6
e2 41. Re1 Rxf7 42. Rxe2 Rf8 43. Re4 Bf6 44. c4 Be7 45. c5 dxc5 46. Qxa6 Bd6
47. Qxb5 Qh7 48. Qa5+ Qc7 49. Qa6 Be5 50. Qh6 Qd6 51. Qxh5 Re8 52. Qg5+ Kc7 53.
Qd2 Bc3 54. Qd3 Qh2 55. Qxc3 Qg1+ 56. Qe1 Qxe1+ 57. Rxe1 Rxe1+ 58. Kb2 Re2+ 59.
Ka3 Kd6 60. Be6 Rf2 1/2-1/2

[Event "OLBA 2122 SV Hockenheim - SGR Kuppenhei"]
[Site "?"]
[Date "2022.03.20"]
[Round "9.3"]
[White "Grosshans, Ralf-Michael"]
[Black "Guenthner, Oliver"]
[Result "1/2-1/2"]
[WhiteElo "2080"]
[BlackElo "2154"]
[PlyCount "28"]
[EventDate "2022.??.??"]

1. e4 c5 2. Nf3 d6 3. d4 cxd4 4. Nxd4 Nf6 5. Nc3 a6 6. Bg5 Nbd7 7. f4 Qc7 8.
Qf3 h6 9. Bh4 g5 10. fxg5 hxg5 11. Bxg5 Qc5 12. Bxf6 Nxf6 13. Nb3 Qe5 14. Be2
Bg4 1/2-1/2

[Event "OLBA 2122 SV Hockenheim - SGR Kuppenhei"]
[Site "?"]
[Date "2022.03.20"]
[Round "9.4"]
[White "Hierholz, Bernd"]
[Black "Metz, Hartmut"]
[Result "0-1"]
[WhiteElo "2116"]
[BlackElo "2208"]
[PlyCount "68"]
[EventDate "2022.??.??"]

1. e4 c6 2. d4 d5 3. exd5 cxd5 4. c4 Nf6 5. Nc3 Nc6 6. Nf3 Bg4 7. cxd5 Nxd5 8.
Qb3 Bxf3 9. gxf3 Nb6 10. d5 Nd4 11. Bb5+ Nd7 12. Qa4 Nxb5 13. Qxb5 g6 14. Bf4
Bg7 15. O-O O-O 16. Rfe1 b6 17. Rad1 Re8 18. Re3 a6 19. Qe2 b5 20. b3 h6 21. h4
Nf6 22. Be5 Nh5 23. Bxg7 Nxg7 24. Red3 Qd7 25. Kg2 Rac8 26. Qe4 h5 27. Ne2 Rc2
28. R3d2 Rxd2 29. Rxd2 Rd8 30. Ng3 Qd6 31. Qe3 Qf6 32. Kh3 Rd6 33. Qg5 Ne8 34.
Ne4 Qxf3+ 0-1

[Event "OLBA 2122 SV Hockenheim - SGR Kuppenhei"]
[Site "?"]
[Date "2022.03.20"]
[Round "9.5"]
[White "Klumpp, Jochen"]
[Black "Ptak, Ferdinand"]
[Result "1/2-1/2"]
[WhiteElo "2067"]
[BlackElo "2024"]
[PlyCount "63"]
[EventDate "2022.??.??"]

1. Nf3 Nf6 2. g3 g6 3. Bg2 Bg7 4. O-O O-O 5. c4 d6 6. Nc3 e5 7. d3 Nc6 8. Rb1
a5 9. a3 Re8 10. Nd2 Be6 11. b4 axb4 12. axb4 d5 13. b5 Ne7 14. Qc2 c6 15. Bb2
Qd7 16. Rfc1 cxb5 17. Nxb5 dxc4 18. Bxe5 cxd3 19. Qxd3 Qxd3 20. exd3 Ra2 21.
Nc4 Nc6 22. Bd6 Rd8 23. Nc3 Ra6 24. Bf4 Rxd3 25. Ne5 Nxe5 26. Bxe5 Ra5 27. Bf1
Rd7 28. Bb5 Rd2 29. Bxf6 Bxf6 30. Ne4 Bb2 31. Nxd2 Bxc1 32. Nc4 1/2-1/2

[Event "OLBA 2122 SV Hockenheim - SGR Kuppenhei"]
[Site "?"]
[Date "2022.03.20"]
[Round "9.7"]
[White "Kick, Joachim"]
[Black "May, Juergen"]
[Result "1-0"]
[WhiteElo "2105"]
[BlackElo "2000"]
[PlyCount "121"]
[EventDate "2022.??.??"]

1. Nf3 Nf6 2. c4 d6 3. d4 g6 4. g3 Bg7 5. Bg2 O-O 6. O-O Nbd7 7. Nc3 e5 8. e4
c6 9. h3 Re8 10. Be3 a6 11. Qc2 b6 12. Rad1 Qc7 13. Rfe1 Bb7 14. d5 c5 15. a4
Rf8 16. g4 Kh8 17. Kh1 Rae8 18. Ne2 Bc8 19. Ng3 Nb8 20. Nh2 Qe7 21. Qd2 Qd7 22.
b3 Ng8 23. Rg1 Qe7 24. Bf3 Bd7 25. Be2 Bc8 26. Bd3 Nd7 27. f3 Nb8 28. Rgf1 Nd7
29. Rf2 Nb8 30. Nhf1 Nd7 31. Rh2 h6 32. h4 Nb8 33. Bf2 Bd7 34. Ne3 Bc8 35. a5
bxa5 36. Qxa5 Qd8 37. b4 cxb4 38. Qxb4 Qc7 39. h5 Nd7 40. Qd2 Qd8 41. Nc2 g5
42. Ne3 Nc5 43. Nef5 Qc7 44. Rb1 Bxf5 45. Nxf5 Rb8 46. Rg2 Rxb1+ 47. Bxb1 Rb8
48. Rg1 Bf6 49. Bd3 Bd8 50. Rb1 Rxb1+ 51. Bxb1 a5 52. Qb2 Kh7 53. Qb5 Nd7 54.
Bc2 Ngf6 55. Ba4 Nc5 56. Bxc5 Qxc5 57. Qxc5 dxc5 58. d6 Ng8 59. Kg1 Bb6 60. d7
f6 61. Nd6 1-0

[Event "OLBA 2122 SV Hockenheim - SGR Kuppenhei"]
[Site "?"]
[Date "2022.03.20"]
[Round "9.8"]
[White "Guenther, Christian"]
[Black "Hatz, Alexander"]
[Result "1/2-1/2"]
[WhiteElo "1933"]
[BlackElo "2237"]
[PlyCount "59"]
[EventDate "2022.??.??"]

1. d4 d5 2. c4 dxc4 3. Nf3 Nf6 4. e3 Bg4 5. Bxc4 e6 6. O-O a6 7. a4 Nc6 8. Nc3
Bd6 9. Bd2 O-O 10. h3 Bh5 11. Rc1 Qe8 12. Be2 h6 13. g4 Bg6 14. Nh4 Bh7 15. f4
Ne4 16. Bd3 Nxc3 17. Bxh7+ Kxh7 18. bxc3 Be7 19. Nf3 Kg8 20. e4 b5 21. axb5
axb5 22. c4 Na5 23. cxb5 Qxb5 24. Rxc7 Bd6 25. Rc2 Rfc8 26. Qc1 Rcb8 27. Bxa5
Qxa5 28. Ne5 Rb3 29. Nc4 Qb4 30. Qd2 1/2-1/2

[Event "OLBA 2122 SC Emmendingen - Karlsruher S"]
[Site "?"]
[Date "2022.03.20"]
[Round "9.1"]
[White "Ruff, Maximilian"]
[Black "Sokolov, Andrei"]
[Result "1-0"]
[WhiteElo "2295"]
[BlackElo "2472"]
[PlyCount "57"]
[EventDate "2022.??.??"]

1. d4 Nf6 2. c4 e6 3. Nc3 Bb4 4. f3 O-O 5. a3 Bxc3+ 6. bxc3 d5 7. cxd5 exd5 8.
e3 Nc6 9. Bd3 Ne7 10. e4 dxe4 11. fxe4 Ng6 12. Ne2 c5 13. O-O cxd4 14. cxd4 h6
15. Bb2 Bd7 16. Ng3 Ng4 17. Qe1 Rc8 18. Kh1 Qg5 19. Bc1 Rxc1 20. Rxc1 Nf4 21.
Be2 Nxe2 22. Nxe2 Ne3 23. Rg1 Re8 24. Rc5 Qf6 25. e5 Qa6 26. Nf4 Nf5 27. Qe4
Qxa3 28. Rc7 Qa4 29. Rgc1 1-0

[Event "OLBA 2122 SC Emmendingen - Karlsruher S"]
[Site "?"]
[Date "2022.03.20"]
[Round "9.3"]
[White "Joeres, Stefan"]
[Black "Weidemann, Joerg"]
[Result "1/2-1/2"]
[WhiteElo "2178"]
[BlackElo "2317"]
[PlyCount "84"]
[EventDate "2022.??.??"]

1. e4 e6 2. d4 d5 3. Nd2 dxe4 4. Nxe4 Bd7 5. Nf3 Bc6 6. Bd3 Nd7 7. Qe2 Ngf6 8.
O-O Be7 9. Nxf6+ Nxf6 10. Bb5 Qd5 11. Bxc6+ Qxc6 12. c4 Qa6 13. Qc2 O-O 14. Be3
Rfd8 15. Rfd1 Qc6 16. Bg5 h6 17. Bxf6 Bxf6 18. Rd3 Rd7 19. Rad1 Rad8 20. b3 Qe4
21. Qd2 c6 22. Qe3 Qf5 23. h3 h5 24. R3d2 a6 25. Kf1 g5 26. Ne5 Bxe5 27. dxe5
Rxd2 28. Rxd2 Rxd2 29. Qxd2 Qxe5 30. g3 Kg7 31. Qd7 a5 32. a4 b6 33. Qxc6 Qd4
34. Kg2 Kg6 35. Qa8 Kg7 36. Qc6 g4 37. hxg4 hxg4 38. Qb5 e5 39. b4 Qe4+ 40. Kh2
Qh7+ 41. Kg2 Qe4+ 42. Kh2 Qh7+ 1/2-1/2

[Event "OLBA 2122 SC Emmendingen - Karlsruher S"]
[Site "?"]
[Date "2022.03.20"]
[Round "9.4"]
[White "Vatter, Hans-Joachim"]
[Black "Pfrommer, Christoph"]
[Result "0-1"]
[WhiteElo "2222"]
[BlackElo "2281"]
[PlyCount "136"]
[EventDate "2022.??.??"]

1. e4 c6 2. d4 d5 3. exd5 cxd5 4. Bd3 Nc6 5. c3 Nf6 6. Bf4 Bg4 7. Qb3 Qd7 8.
Nd2 e6 9. Ngf3 Bd6 10. Bxd6 Qxd6 11. O-O O-O 12. Rfe1 Bxf3 13. Nxf3 Rab8 14. a4
Qc7 15. h3 a6 16. Ne5 Rfc8 17. Ra2 b5 18. axb5 axb5 19. Nxc6 Qxc6 20. Qb4 Ne8
21. Rea1 Qd6 22. Ra6 Qxb4 23. cxb4 Kf8 24. Kf1 Ke7 25. Ke2 Rc7 26. Kd2 Nd6 27.
b3 g6 28. f3 h5 29. g4 hxg4 30. hxg4 Rh8 31. Rb6 Rh2+ 32. Ke3 Rb2 33. Raa6 Rxb3
34. Rxd6 Rcc3 35. Rdb6 Rxd3+ 36. Kf4 Kf6 37. g5+ Kg7 38. Ra8 Rxf3+ 39. Ke5 Rf5+
40. Kd6 Rxg5 41. Rxb5 Rg4 42. Rbb8 Rxd4 43. Ke7 Rdxb4 44. Rg8+ Kh6 45. Kxf7
Rf4+ 46. Kxe6 Rf5 47. Ra1 Rb6+ 48. Ke7 Kg5 49. Rc8 Re5+ 50. Kd7 d4 51. Rf8 d3
52. Rg1+ Kh6 53. Rh8+ Kg7 54. Rh3 Rd5+ 55. Ke7 d2 56. Rd1 g5 57. Re3 Kg6 58.
Re6+ Rxe6+ 59. Kxe6 Rd8 60. Ke5 Re8+ 61. Kd4 g4 62. Kd3 Kg5 63. Rf1 d1=Q+ 64.
Rxd1 Rd8+ 65. Ke2 Rxd1 66. Kxd1 Kh4 67. Ke2 Kh3 68. Kf1 Kh2 0-1

[Event "OLBA 2122 SC Emmendingen - Karlsruher S"]
[Site "?"]
[Date "2022.03.20"]
[Round "9.5"]
[White "Vinke, Andreas"]
[Black "Deutschmann, Matthias"]
[Result "1-0"]
[WhiteElo "2190"]
[BlackElo "2161"]
[PlyCount "57"]
[EventDate "2022.??.??"]

1. c4 e5 2. g3 Nc6 3. Nc3 f5 4. Nf3 e4 5. Nh4 g6 6. d3 exd3 7. Qxd3 Bg7 8. e4
fxe4 9. Nxe4 Qe7 10. Bg2 Ne5 11. Qb3 Qf7 12. O-O Ne7 13. Bg5 O-O 14. Rae1 d6
15. f4 N5c6 16. Bxe7 Nxe7 17. Ng5 Qf6 18. Bxb7 Rb8 19. Bd5+ Nxd5 20. Qxb8 Qd4+
21. Kh1 Ne3 22. Nhf3 Qxc4 23. Rf2 Ng4 24. Rfe2 h6 25. Re8 Bf5 26. Nh3 Rxe8 27.
Rxe8+ Kh7 28. Nhg5+ hxg5 29. Nxg5+ 1-0

[Event "OLBA 2122 SC Emmendingen - Karlsruher S"]
[Site "?"]
[Date "2022.03.20"]
[Round "9.6"]
[White "Ehret, Thomas"]
[Black "Spieker, Michael"]
[Result "0-1"]
[WhiteElo "2080"]
[BlackElo "2033"]
[PlyCount "108"]
[EventDate "2022.??.??"]

1. d4 f5 2. c4 Nf6 3. g3 g6 4. Bg2 Bg7 5. Nh3 Nc6 6. Nc3 O-O 7. d5 Ne5 8. Nf4
Nxc4 9. h4 Nd6 10. h5 g5 11. h6 Bh8 12. Nh3 g4 13. Ng5 Qe8 14. Bf4 b6 15. Qc2
Qg6 16. O-O-O Bb7 17. f3 Nf7 18. Nxf7 Rxf7 19. e4 fxe4 20. fxe4 Nh5 21. Rxh5
Qxh5 22. Rh1 Qg6 23. e5 Qxc2+ 24. Kxc2 Bxe5 25. Bxe5 Rf2+ 26. Kb3 Rxg2 27. Rh4
Kf7 28. Rxg4 Rg8 29. Bg7 e6 30. dxe6+ Kxe6 31. Nb5 c5 32. Nc7+ Ke7 33. Rg5 Kf7
34. Rf5+ Kg6 35. Rf6+ Kg5 36. Rf7 Rxg3+ 37. Kc2 Rg2+ 38. Kd3 Bc6 39. Re7 Rg3+
40. Ke2 Rg2+ 41. Kf1 Rh2 42. Ne8 Rxh6 43. Bxh6+ Kxh6 44. Nd6 Kg6 45. Kf2 h5 46.
Nc4 Kf6 47. Rh7 Rg2+ 48. Ke3 Rh2 49. Rh6+ Kg7 50. Rd6 Rh3+ 51. Kf2 Rh4 52. Ne5
Rh2+ 53. Kg3 Rxb2 54. Rg6+ Kf8 0-1

[Event "OLBA 2122 SC Emmendingen - Karlsruher S"]
[Site "?"]
[Date "2022.03.20"]
[Round "9.7"]
[White "Fidlin, Simon"]
[Black "Schrems, Hermann"]
[Result "1-0"]
[WhiteElo "1941"]
[BlackElo "2056"]
[PlyCount "67"]
[EventDate "2022.??.??"]

1. e4 Nf6 2. e5 Nd5 3. d4 d6 4. Nf3 g6 5. Bc4 c6 6. O-O Bg7 7. Re1 dxe5 8. Nxe5
O-O 9. c3 Nd7 10. Nxd7 Bxd7 11. Bg5 Nf6 12. Nd2 Bf5 13. Nf3 Qc7 14. Bh4 Rae8
15. Bg3 Qb6 16. Bb3 c5 17. Bf4 cxd4 18. Nxd4 Bg4 19. Qd3 Nd7 20. Qg3 e5 21.
Qxg4 Nf6 22. Qf3 exd4 23. Be5 dxc3 24. Bxc3 h5 25. h3 Rc8 26. Re7 Rc6 27. Rae1
Qb5 28. R1e5 Qb6 29. Rg5 Qd8 30. Rxb7 Rxc3 31. bxc3 Ng4 32. Rxf7 Rxf7 33. Qxf7+
Kh8 34. Qxg6 1-0

[Event "OLBA 2122 SC Brombach - SK Ettlingen"]
[Site "?"]
[Date "2022.03.20"]
[Round "9.1"]
[White "Rosner, Jonas"]
[Black "Georgiadis, Ioannis"]
[Result "1-0"]
[WhiteElo "2466"]
[BlackElo "2467"]
[PlyCount "45"]
[EventDate "2022.??.??"]

1. d4 Nf6 2. c4 e6 3. g3 d5 4. Bg2 dxc4 5. Nf3 Nc6 6. Qa4 Bd7 7. Qxc4 Na5 8.
Qd3 c5 9. O-O Rc8 10. Nc3 cxd4 11. Nxd4 Bb4 12. Ne4 Nxe4 13. Bxe4 Qb6 14. Rd1
Ba4 15. b3 Rc3 16. Qb1 Bc5 17. e3 Bxd4 18. Rxd4 Bc6 19. Bb2 Bxe4 20. Rxe4 Rc7
21. Bxg7 Rg8 22. Bd4 Qb5 23. Re5 1-0

[Event "OLBA 2122 SC Brombach - SK Ettlingen"]
[Site "?"]
[Date "2022.03.20"]
[Round "9.2"]
[White "Haag, Gregor"]
[Black "Werner, Clemens"]
[Result "1/2-1/2"]
[WhiteElo "2392"]
[BlackElo "2259"]
[PlyCount "105"]
[EventDate "2022.??.??"]

1. d4 Nf6 2. c4 d6 3. Nc3 g6 4. e4 Bg7 5. Be2 O-O 6. Be3 e5 7. d5 Nbd7 8. g4
Nc5 9. f3 Ne8 10. h4 f5 11. h5 f4 12. Bf2 a5 13. hxg6 hxg6 14. a3 a4 15. Bxc5
dxc5 16. Nxa4 b6 17. b4 Bd7 18. Nb2 Nd6 19. Bd3 Bf6 20. Kf1 Kg7 21. b5 Bh4 22.
Qd2 Rh8 23. a4 Nb7 24. Qc3 Qe7 25. Bc2 Bf6 26. Rxh8 Rxh8 27. Nd3 g5 28. Nc1 Kg6
29. Nb3 Rh1 30. Bd1 Qh7 31. Ra2 Qh3+ 32. Rg2 Bxg4 33. Nc1 Bd7 34. Nd3 Qh8 35.
Nf2 Rh2 36. Qb2 Rxg2 37. Kxg2 Nd6 38. Qe2 Qh4 39. Kf1 Qh8 40. Bb3 Qa8 41. Qe1
Nf7 42. Bd1 Be7 43. Ne2 Bd6 44. Nc1 Nd8 45. Qc3 Nb7 46. Nb3 Kf6 47. Kg2 Ke7 48.
Qe1 Kf7 49. Qc3 Kf6 50. Qe1 Kg7 51. Qc3 Kf6 52. Qe1 Kg7 53. Qc3 1/2-1/2

[Event "OLBA 2122 SC Brombach - SK Ettlingen"]
[Site "?"]
[Date "2022.03.20"]
[Round "9.3"]
[White "Nippgen, Georg"]
[Black "Schweizer, Simon"]
[Result "0-1"]
[WhiteElo "2236"]
[BlackElo "2165"]
[PlyCount "84"]
[EventDate "2022.??.??"]

1. b3 b5 2. e3 Bb7 3. Bb2 e6 4. f4 Nf6 5. Nf3 a6 6. Be2 Be7 7. O-O O-O 8. c4
bxc4 9. bxc4 c5 10. Nc3 d6 11. Qc2 Qc7 12. Ng5 Nbd7 13. Bd3 h6 14. Nge4 d5 15.
cxd5 exd5 16. Ng3 Rfe8 17. Rac1 Bf8 18. Na4 Rac8 19. Bxf6 Nxf6 20. Bf5 Qc6 21.
Bxc8 Rxc8 22. Rfe1 d4 23. e4 c4 24. Nb2 d3 25. Qc3 Qc5+ 26. Kh1 Ng4 27. Nd1 h5
28. h3 Nf2+ 29. Nxf2 Qxf2 30. Re3 Qxf4 31. Rf1 Qh6 32. Nf5 Qe6 33. Nxg7 Bxg7
34. Rg3 Qh6 35. Rf6 Qh7 36. Rf5 Bxe4 37. Rxh5 Bg6 38. Re5 Bxe5 39. Qxe5 Qg7 40.
Qd6 c3 41. Qa3 Re8 42. dxc3 d2 0-1

[Event "OLBA 2122 SC Brombach - SK Ettlingen"]
[Site "?"]
[Date "2022.03.20"]
[Round "9.4"]
[White "Wirthensohn, Heinz"]
[Black "Tschann, Stephan"]
[Result "1-0"]
[WhiteElo "2290"]
[BlackElo "2223"]
[PlyCount "89"]
[EventDate "2022.??.??"]

1. Nf3 c5 2. c4 Nc6 3. Nc3 g6 4. e3 Nf6 5. d4 cxd4 6. exd4 d5 7. Bg5 Be6 8. Qb3
Na5 9. Qa3 Bg7 10. cxd5 Nxd5 11. Bb5+ Nc6 12. O-O O-O 13. Bxc6 bxc6 14. Nxd5
Qxd5 15. Bxe7 Rfb8 16. Qc3 Rb5 17. Rfe1 a5 18. b3 Rc8 19. Bc5 Qh5 20. Ne5 Bd5
21. Re3 Qg5 22. g3 h5 23. Rae1 Qf5 24. Qd3 Qh3 25. Qf1 Qf5 26. Nc4 Bxc4 27.
Qxc4 Rbb8 28. Qd3 Qxd3 29. Rxd3 Rd8 30. Rc1 Rd5 31. Rc4 Re8 32. Kf1 h4 33. gxh4
Re4 34. Ra4 Rxh4 35. Kg2 Kh7 36. Bb6 Rhh5 37. Rc4 Rh4 38. Rxc6 a4 39. bxa4 Rg4+
40. Rg3 Rxg3+ 41. hxg3 Bxd4 42. a5 Kg7 43. Kf3 Rf5+ 44. Ke4 Bxf2 45. g4 1-0

[Event "OLBA 2122 SC Brombach - SK Ettlingen"]
[Site "?"]
[Date "2022.03.20"]
[Round "9.5"]
[White "Friedel, Marcus"]
[Black "Ruefenacht, Matthias"]
[Result "1/2-1/2"]
[WhiteElo "2131"]
[BlackElo "2286"]
[PlyCount "101"]
[EventDate "2022.??.??"]

1. c4 e5 2. g3 Nf6 3. Bg2 d5 4. cxd5 Nxd5 5. Nc3 Nb6 6. Nf3 Nc6 7. O-O Be7 8.
Rb1 f6 9. d4 exd4 10. Nb5 Bf5 11. Bf4 Nd5 12. Nfxd4 Nxf4 13. Nxf5 Nxg2 14.
Nxg7+ Kf7 15. Nf5 Qxd1 16. Rfxd1 Rac8 17. Kxg2 Rhd8 18. f4 Bb4 19. Kf3 a6 20.
Nbd4 Nxd4+ 21. Nxd4 c5 22. Nf5 c4 23. Rxd8 Rxd8 24. Ne3 b5 25. Rd1 Rxd1 26.
Nxd1 Ke6 27. e4 Bd2 28. Ke2 Bc1 29. b3 Kd6 30. bxc4 bxc4 31. Ne3 Kc5 32. Nc2
Bb2 33. Ke3 h5 34. h3 Bc1+ 35. Kf3 c3 36. g4 hxg4+ 37. hxg4 Kc4 38. e5 fxe5 39.
fxe5 Kd5 40. Ke2 Kxe5 41. Kd3 Bd2 42. Nb4 Kf4 43. Nxa6 Kxg4 44. Nc5 Kf5 45. a4
Be1 46. Kc2 Bf2 47. Nd3 Bd4 48. Nb4 Ke6 49. Kd3 Bg7 50. Na2 Kd5 51. Nxc3+
1/2-1/2

[Event "OLBA 2122 SC Brombach - SK Ettlingen"]
[Site "?"]
[Date "2022.03.20"]
[Round "9.6"]
[White "Resa, Tobias"]
[Black "Zeier, Klaus"]
[Result "1/2-1/2"]
[WhiteElo "2140"]
[BlackElo "2203"]
[PlyCount "56"]
[EventDate "2022.??.??"]

1. e4 e5 2. Nf3 Nc6 3. Bb5 a6 4. Bxc6 dxc6 5. O-O Qf6 6. d4 exd4 7. Bg5 Qd6 8.
Nxd4 Bd7 9. Nc3 Ne7 10. Bh4 O-O-O 11. Bg3 Qf6 12. Qh5 Qxd4 13. Qa5 Qb6 14. Qxb6
cxb6 15. Na4 Nd5 16. exd5 Bc5 17. Rad1 cxd5 18. Nxc5 bxc5 19. Rxd5 b6 20. Rfd1
Be6 21. Rxd8+ Rxd8 22. Rxd8+ Kxd8 23. a3 Kd7 24. f3 Kc6 25. Kf2 Bf5 26. c3 Kd5
27. Bc7 b5 28. Bb6 Bd7 1/2-1/2

[Event "OLBA 2122 SC Brombach - SK Ettlingen"]
[Site "?"]
[Date "2022.03.20"]
[Round "9.7"]
[White "Juelg, Gabriel"]
[Black "Paul, Mathias"]
[Result "1/2-1/2"]
[WhiteElo "2092"]
[BlackElo "2066"]
[PlyCount "55"]
[EventDate "2022.??.??"]

1. d4 Nf6 2. c4 g6 3. g3 Bg7 4. Bg2 d6 5. Nc3 O-O 6. Nf3 Nc6 7. O-O a6 8. b3
Rb8 9. d5 Na5 10. Bg5 c5 11. dxc6 Nxc6 12. Qd2 Re8 13. Rac1 Bf5 14. Rfd1 Ne4
15. Nxe4 Bxe4 16. Bh6 Bf6 17. Bh3 Bxf3 18. exf3 Nd4 19. Kg2 b6 20. Be3 e5 21.
Qd3 Qe7 22. Qe4 Qb7 23. Qd5 Kg7 24. Re1 Re7 25. Rcd1 Rc7 26. Qe4 Rc5 27. Rc1 a5
28. Red1 1/2-1/2